| 000 | 00463nam a2200181Ia 4500 | ||
|---|---|---|---|
| 008 | 240925s9999 xx 000 0 und d | ||
| 020 | _a978007060522 | ||
| 082 | _a512 LIP | ||
| 100 | _aLipschutz, Seymour | ||
| 245 | 0 | _aLinear Algebra | |
| 250 | _aNA | ||
| 260 |
_aNew Delhi: _bTata McGraw Hill _c,2017. |
||
| 300 |
_axvii, 574p. _b0 _fOriginal |
||
| 500 | _aIncludes Index | ||
| 600 | _aHumanities & Natural Science | ||
| 650 | _aMathematics | ||
| 942 | _cBK | ||
| 999 |
_c15973 _d15973 |
||